<?xml version="1.0" encoding="UTF-8"?>
<record
    xmlns:xsi="http://www.w3.org/2001/XMLSchema-instance"
    xsi:schemaLocation="http://www.loc.gov/MARC21/slim http://www.loc.gov/standards/marcxml/schema/MARC21slim.xsd"
    xmlns="http://www.loc.gov/MARC21/slim">

  <leader>00996nam a2200229 a 4500</leader>
  <controlfield tag="001">BRCA_1043</controlfield>
  <controlfield tag="005">20190320203245.0</controlfield>
  <controlfield tag="008">090408s1999----sp-a---###---#000-0#spa-#</controlfield>
  <datafield tag="020" ind1=" " ind2=" ">
    <subfield code="a">8492323434</subfield>
  </datafield>
  <datafield tag="050" ind1=" " ind2="4">
    <subfield code="a">ND1322.5</subfield>
    <subfield code="b">.E87 1999</subfield>
  </datafield>
  <datafield tag="100" ind1="1" ind2=" ">
    <subfield code="a">Espinosa Mart&#xED;n, Carmen</subfield>
    <subfield code="9">3442</subfield>
  </datafield>
  <datafield tag="245" ind1="1" ind2="0">
    <subfield code="a">Iluminaciones, peque&#xF1;os retratos y miniaturas en la Fundaci&#xF3;n L&#xE1;zaro Galdiano</subfield>
    <subfield code="c">por M. Carmen Espinosa Mart&#xED;n.</subfield>
  </datafield>
  <datafield tag="260" ind1=" " ind2=" ">
    <subfield code="a">Madrid</subfield>
    <subfield code="b">Fundaci&#xF3;n L&#xE1;zaro Galdiano</subfield>
    <subfield code="c">1999</subfield>
  </datafield>
  <datafield tag="300" ind1=" " ind2=" ">
    <subfield code="a">362 p.</subfield>
    <subfield code="b">il. (algunas a color), fotograf&#xED;as</subfield>
    <subfield code="c">24 cm.</subfield>
  </datafield>
  <datafield tag="440" ind1=" " ind2="0">
    <subfield code="a">Cat&#xE1;logos de la Fundaci&#xF3;n L&#xE1;zaro Galdiano</subfield>
    <subfield code="v">2</subfield>
    <subfield code="9">3443</subfield>
  </datafield>
  <datafield tag="500" ind1=" " ind2=" ">
    <subfield code="a">Incluye &#xED;ndice de autores, &#xED;ndide de retratos e &#xED;ndice de temas b&#xED;blicos, mitol&#xF3;gicos y asuntos varios</subfield>
  </datafield>
  <datafield tag="504" ind1=" " ind2=" ">
    <subfield code="a">Bibliograf&#xED;a : p. 349-356</subfield>
  </datafield>
  <datafield tag="610" ind1="2" ind2="4">
    <subfield code="a">Fundaci&#xF3;n L&#xE1;zaro Galdiano</subfield>
    <subfield code="x">Colecciones de arte</subfield>
    <subfield code="z">Madrid</subfield>
    <subfield code="9">2205</subfield>
  </datafield>
  <datafield tag="650" ind1="1" ind2="4">
    <subfield code="a">Pintura - Retratos</subfield>
    <subfield code="y">Siglos XIX a XX</subfield>
    <subfield code="z">Espa&#xF1;a</subfield>
    <subfield code="9">3444</subfield>
  </datafield>
  <datafield tag="650" ind1="1" ind2="4">
    <subfield code="a">Pintura - Miniaturas</subfield>
    <subfield code="y">Siglos XIX a XX</subfield>
    <subfield code="z">Espa&#xF1;a</subfield>
    <subfield code="9">3445</subfield>
  </datafield>
  <datafield tag="942" ind1=" " ind2=" ">
    <subfield code="2">lcc</subfield>
    <subfield code="c">B</subfield>
  </datafield>
  <datafield tag="999" ind1=" " ind2=" ">
    <subfield code="c">922</subfield>
    <subfield code="d">922</subfield>
  </datafield>
  <datafield tag="952" ind1=" " ind2=" ">
    <subfield code="0">0</subfield>
    <subfield code="1">0</subfield>
    <subfield code="4">0</subfield>
    <subfield code="7">0</subfield>
    <subfield code="a">BRCA</subfield>
    <subfield code="b">BRCA</subfield>
    <subfield code="d">2008-06-26</subfield>
    <subfield code="l">0</subfield>
    <subfield code="o">ND1322.5 .E87 1999</subfield>
    <subfield code="p">01531</subfield>
    <subfield code="r">2019-03-22 00:00:00</subfield>
    <subfield code="w">2019-03-22</subfield>
    <subfield code="y">B</subfield>
  </datafield>
</record>
